| 000 | 01243nam0a22002771 4500 | ||
|---|---|---|---|
| 001 | rc\3701521 | ||
| 005 | 20130115152452.1 | ||
| 021 |
_aRU _bП815-69 |
||
| 035 | _a(NLR Aleph) 007762980 | ||
| 090 |
_a7386516 _c7386516 |
||
| 100 | _a20130115d1969 |||y0rusy50 ca | ||
| 101 | 0 | _arus | |
| 102 | _aRU | ||
| 105 | _ay z ||||| | ||
| 200 | 1 |
_aПоиск научно-технической информации на Сумском ордена Ленина машиностроительном заводе им. Фрунзе _fЦентр. ин-т науч.-техн. информации и техн.-экон. исследований по хим. и нефт. машиностроению. [ЦИНТИхимнефтемаш |
|
| 210 |
_aМосква _cБ. и. _d1969 |
||
| 215 |
_a18 с. _d22 |
||
| 225 | 1 |
_aОпыт автоматизации и механизации информационных процессов _v1 (7). ХМ-13 _hСерия МП-1 |
|
| 300 | _aНа обл. авт. не указаны | ||
| 700 | 1 |
_aКоваленко _bГ. И. _gГригорий Иванович |
|
| 701 | 1 |
_aЛациник _bТ. С. |
|
| 801 | 0 |
_aRU _bNLR _gpsbo |
|
| 801 | 1 |
_aRU _bELAR _2rusmarc |
|
| 852 |
_aNLR _jП51/15 |
||
| 942 | _cBOOK | ||
| 980 | _aNB | ||